000 00905nam a22002657a 4500
001 BR8403181
003 BR-BrBNA
005 20230928091934.0
007 ta
008 230509b bl.||||| |||| 00| 0 por d
040 _aBR-BrBNA
_bpor
_cBiblioteca Nacional de Agricultura
041 _a(Por)
072 _aE30; D10
_b/G514
090 _ E30 BR8403181
110 1 _aComissao Estadual de Planejamento Agricola da Paraiba, Joao Pessoa (Brasil)
_92028
245 1 _aProposta de reestruturacao dos nucleos regionais da SAA, com a absorcao do pessoal remanescente do projeto sertanejo [Secretaria da Agricultura e Abastecimento, Brasil]
260 3 _aJoao Pessoa, PB (Brasil):
_c1984.
300 _a11 p.
500 _a6 tables
650 _aDESENVOLVIMENTO AGRICOLA
650 _aADMINISTRACAO DE PESSOAL
650 _aINSTITUICAO AGRICOLA
909 _a202309
_bLucia
_c55
_dLucia Elande
942 _cBK
999 _c36303
_d36303